| 000 | 01098cam a2200229 a 4500 | ||
|---|---|---|---|
| 001 | 000011895 | ||
| 005 | 20200929162616.0 | ||
| 008 | 891122s1991 pr a b s101 0 spa | ||
| 020 | _a0847736156 | ||
| 040 |
_aDO-SdBNP _bspa _cDLC _dBNPHU |
||
| 082 |
_a460.7 _bS471e |
||
| 111 | 2 |
_aSeminario Internacional sobre Aportes de la Lingüística a la Enseñanza del Español como Lengua Materna _n2a : _d1988 : _cRio Piedras, San Juan, Puerto Rico _928127 |
|
| 245 | 1 | 3 |
_aLa enseñanza del español como lengua materna : _bActas del II Seminario Internacional sobre Aportes de la Lingüística a la Enseñanza del Español como Lengua Materna / _cHumberto López Morales, editor. |
| 260 |
_aRio Piedras, (Puerto Rico) : _bUniversidad de Puerto Rico, _c1991. |
||
| 300 |
_a273 p. : _bil. ; _c23 cm. |
||
| 504 | _aIncluye referencias bibliográficas. | ||
| 650 | 4 |
_aIdioma español _xEstudio y enseñanza _xCongreso _928128 |
|
| 650 | 4 |
_aEspañol _xEnseñanza _xCongresos, conferencias, etc. _928129 |
|
| 700 | 1 |
_aLópez Morales, Humberto. _eed. _95734 |
|
| 910 | _aCatalogación por copia / LC | ||
| 049 | _aBNGR | ||
| 999 |
_c11565 _d11565 |
||